00542pab a2200169 454500008004000000100002500040245011300065260000900178300001500187362000800202650001400210773001100224908000600235909001000241999001700251952010400268180718b2011 xxu||||| |||| 00| 0 eng d aJames, Harvey S. Jr. aIs the just man a happy man? An empirical study of the relationship between ethics and subjective well-being c2011 ap.193-212. aMay aHappiness aKyklos aN a92276 c92276d92276 00104070aIIPAbIIPAd2018-07-19hVolume no: 64, Issue no: 2pAR92736r2018-07-19w2018-07-19yAR